000 01015nam a2200265 i 4500
001 187189
003 SpMaBN
005 20230906222833.0
008 170503s1990 sp ad |||| | spa d
020 _a84-600-5483-3
080 _a008(460.285 T)"18"(063)
111 2 _aSimposio Toledo Romántico (
_d1988.
_cToledo)
_9162521
245 1 0 _aSimposio Toledo Romántico
_b: Colegio Universitario, 21-23 enero 1988 /
_c[preliminar, Daniel Poyán Díaz].
260 _aToledo :
_bColegio Universitario,
_c1990.
300 _a318 p. :
_bil., gráf. ;
_c25 cm.
490 1 _aToledo universitario
504 _aReferencias bibliográficas.
650 7 _aRomanticismo-
_zToledo-
_vCongresos y asambleas.
_9162522
651 4 _aToledo-
_xHistoria-
_vCongresos y asambleas.
_9162524
700 1 _aPoyán Díaz, Daniel.
_993515
710 2 _aUniversidad de Castilla-La Mancha.
_bColegio Universitario de Toledo.
_9162523
830 0 _aToledo universitario
_9185581
852 _aES-MaACL
_jL-31523
999 _c187189
_d187189